[Event "FSFMA November 2013"]
[Site "Budapest HUN"]
[Date "2013.11.02"]
[Round "1.3"]
[White "Szalanczy,E"]
[Black "Mester,A"]
[Result "1-0"]
[WhiteElo "2247"]
[BlackElo "2049"]

1.e4 c5 2.Nf3 d6 3.d4 cxd4 4.Nxd4 Nf6 5.Nc3 Nc6 6.Bg5 e6 7.Qd2 a6 8.O-O-O Bd7
9.f4 h6 10.Bxf6 Qxf6 11.Nxc6 Bxc6 12.Bd3 Qd8 13.Kb1 Be7 14.Qe1 Qc7 15.g4 O-O-O
16.h4 Kb8 17.Rh3 d5 18.exd5 Bxd5 19.Nxd5 Rxd5 20.f5 exf5 21.gxf5 Rhd8 22.Re3 Bf6
23.Re8 Qb6 24.Rxd8+ Rxd8 25.c3 Qc6 26.Qg3+ Ka8 27.Qf4 Qc5 28.a3 Rd6 29.Kc2 Rb6
30.Bc4 Rc6 31.Kb3 Rb6+ 32.Ka2 Rc6 33.Bxf7 Rb6 34.Bc4 Qe7 35.h5 Qe8 36.Qf3 Qe5
37.Rd2 Qc5 38.Bb3 Qb5 39.Qd5 Ka7 40.Qxb5 Rxb5 41.Rd7 Kb8 42.Bd5 Kc8 43.Be6 Kb8
44.a4 Re5 45.Kb3 a5 46.Rf7 Ka7 47.Kc4 Kb6 48.Rd7 Rc5+ 49.Kb3 Rc7 50.Rd3 Be7
51.Bd5 Bf6 52.Re3 Re7 53.Re6+ Rxe6 54.fxe6 Kc7 55.Kc4 b6 56.Kb5 Bg5 57.Bc6 Bf6
58.Be4 Bg5 59.Bg6 Bf6 60.b4 axb4 61.cxb4 Bh4 62.a5 bxa5 63.bxa5 Kd6 64.Bf5 Kc7
65.a6  1-0

[Event "TCh-CZE Extraliga 2013-14"]
[Site "Karvina CZE"]
[Date "2013.11.02"]
[Round "1.4"]
[White "Malinovsky,K"]
[Black "Rosko,L"]
[Result "1-0"]
[WhiteElo "2445"]
[BlackElo "2350"]

1.e4 c5 2.Nf3 d6 3.d4 cxd4 4.Nxd4 Nf6 5.Nc3 Nc6 6.Bg5 e6 7.Qd2 a6 8.O-O-O Bd7
9.f4 h6 10.Bh4 g5 11.fxg5 Ng4 12.Nxc6 Bxc6 13.Be2 Ne5 14.Kb1 Be7 15.Bg3 hxg5
16.Rhf1 Qc7 17.Qe3 b5 18.a3 Rb8 19.Rd4 a5 20.Na2 Qb6 21.Qd2 Nc4 22.Bxc4 bxc4
23.Qc3 e5 24.Rxc4 Bd7 25.Nc1 O-O 26.Bf2 Qb5 27.Rd1 Be6 28.Rc7 Rfc8 29.Rxc8+ Rxc8
30.Qd3 Bc4 31.Qe3 Rb8 32.Qc3 Be6 33.Nb3 a4 34.Nc1 Rc8 35.Qb4 Qxb4 36.axb4 Rc4
37.b5 Rxe4 38.b6 Rb4 39.Na2 Rb5 40.Nc3 Rb4 41.Nd5 Bxd5 42.Rxd5 Kf8 43.c3 Rb3
44.Kc2 Bd8 45.Rxd6 Ke8 46.g4 Rb5 47.c4 Rb4 48.c5  1-0

[Event "2nd Danube Rapid Cup 2013"]
[Site "Kozloduy BUL"]
[Date "2013.11.02"]
[Round "7.3"]
[White "Baklan,V"]
[Black "Nevednichy,V"]
[Result "1/2-1/2"]
[WhiteElo "2627"]
[BlackElo "2590"]

1.e4 c5 2.Nf3 d6 3.d4 cxd4 4.Nxd4 Nf6 5.Nc3 Nc6 6.Bg5 e6 7.Qd2 a6 8.O-O-O Bd7
9.Nxc6 Bxc6 10.Qe1 Qa5 11.f4 Be7 12.Bh4 h6 13.e5 dxe5 14.fxe5 Ng8 15.Bf2 Rc8
16.Bd4 Bc5 17.Qg3 Ne7 18.Bxc5 Qxc5 19.Bd3 O-O 20.Rhf1 b5 21.Rde1 b4 22.Ne4 Bxe4
23.Rxe4 Nf5 24.Qf2 Qxf2 25.Rxf2 a5 26.b3 Rc5 27.Kb2 Rd8 28.a3 bxa3+ 29.Kxa3 Nd4
30.Bc4 Nc6 31.Rfe2 Nd4 32.Rf2 Nc6 33.Rfe2 Nd4 34.Rf2  1/2-1/2

[Event "3rd Panama Open"]
[Site "Panama City PAN"]
[Date "2013.11.02"]
[Round "4.19"]
[White "Ruiz C,J"]
[Black "Ramirez Arroyo,Joan Emmanuel"]
[Result "1-0"]
[WhiteElo "2399"]
[BlackElo "2020"]

1.e4 c5 2.Nf3 Nc6 3.d4 cxd4 4.Nxd4 Nf6 5.Nc3 d6 6.Bg5 Qa5 7.Bxf6 gxf6 8.Nb3 Qd8
9.Qh5 Bg7 10.f4 O-O 11.O-O-O a6 12.a3 e5 13.Bc4 b5 14.Bd5 Bd7 15.fxe5 fxe5
16.Rhf1 Be8 17.Rd3 Ra7 18.g4 Ne7 19.Rh3 h6 20.Rf6 Bxf6 21.Qxh6  1-0

[Event "Chinese Zonal w 2013"]
[Site "Zhongshan CHN"]
[Date "2013.11.03"]
[Round "6.8"]
[White "Hong,Xing"]
[Black "Su Yamin"]
[Result "0-1"]
[WhiteElo "1929"]
[BlackElo "2209"]

1.e4 c5 2.Nf3 d6 3.d4 cxd4 4.Nxd4 Nf6 5.Nc3 Nc6 6.Bg5 e6 7.Qd2 a6 8.O-O-O Bd7
9.f4 b5 10.Qe1 Nxd4 11.Rxd4 Qb6 12.Rd2 b4 13.Nd1 Be7 14.Bd3 Bb5 15.Ne3 Qc5
16.Kb1 O-O 17.Ng4 Nxg4 18.Bxe7 Rfe8 19.Bxd6 Qb6 20.Bxb5 Qxb5 21.Qg3 f5 22.h3 Nh6
23.Be5 Ra7 24.Rhd1 fxe4 25.Qe3 Qb7 26.g4 Nf7 27.Rd4 Nxe5 28.fxe5 a5 29.Rxe4 Qe7
30.Qb6 h6 31.Red4 Kh7 32.Rd6 Qf7 33.Qe3 Rc7 34.Qe4+ Kh8 35.h4 Qe7 36.g5 hxg5
37.Rh1 g4 38.h5 Qg5 39.Rd3 Rec8 40.Rc1 Rc5 41.Re3 a4 42.Rg3 Rc4 43.Qg2 Qxe5
44.Rxg4 a3 45.c3 Qf5+ 46.Rc2 Rxg4  0-1

[Event "3rd Panama Open"]
[Site "Panama City PAN"]
[Date "2013.11.04"]
[Round "7.32"]
[White "Davila,C"]
[Black "Ramirez Arroyo,Joan Emmanuel"]
[Result "1-0"]
[WhiteElo "2334"]
[BlackElo "2020"]

1.e4 c5 2.Nf3 Nc6 3.d4 cxd4 4.Nxd4 Nf6 5.Nc3 d6 6.Bg5 Nxe4 7.Nxe4 Qa5+ 8.c3 Qe5
9.Bd3 f5 10.f4 Qd5 11.Nb5 Kd8 12.Nexd6 Qxg2 13.Nxb7+ Ke8 14.Nc7+ Kf7 15.Qb3+ e6
16.O-O-O Rb8 17.Bxf5 Rxb7 18.Bxe6+ Kg6 19.Bf7+ Kf5 20.Rd5+ Kg4 21.Qd1+  1-0

[Event "3rd Panama Open"]
[Site "Panama City PAN"]
[Date "2013.11.05"]
[Round "9.7"]
[White "Ruiz Sanchez,O"]
[Black "Obregon Rivero,J"]
[Result "1-0"]
[WhiteElo "2420"]
[BlackElo "2526"]

1.e4 c5 2.Nf3 d6 3.d4 cxd4 4.Nxd4 Nf6 5.Nc3 Nc6 6.Bg5 Bd7 7.Qd2 Rc8 8.Nxc6 Bxc6
9.f3 h6 10.Be3 a6 11.O-O-O Qc7 12.Kb1 b5 13.Bd3 g6 14.g4 Bg7 15.h4 h5 16.gxh5 Nxh5
17.Ne2 a5 18.Bd4 Bh6 19.Be3 Bg7 20.Nd4 b4 21.Rhg1 Nf6 22.Rg5 Bd7 23.Rh1 e5
24.Nb5 Bxb5 25.Bxb5+ Ke7 26.Rgg1 Nh5 27.Ba4 Bf6 28.Qd5 Rh7 29.Rg2 Ng7 30.Bb3 Ne6
31.Rd1 Bxh4 32.Rxg6 Bf6 33.Rg2 Nf4 34.Bxf4 exf4 35.Qf5 Rh4 36.Rg6  1-0

[Event "Chennai WGM 2013"]
[Site "Chennai IND"]
[Date "2013.11.09"]
[Round "5.5"]
[White "Monnisha,G"]
[Black "Soumya,Sw"]
[Result "1/2-1/2"]
[WhiteElo "2150"]
[BlackElo "2348"]

1.e4 c5 2.Nf3 Nc6 3.d4 cxd4 4.Nxd4 Nf6 5.Nc3 d6 6.Bg5 e6 7.Qd2 a6 8.O-O-O Bd7
9.Kb1 Be7 10.f3 Qc7 11.Be3 h5 12.Be2 Rb8 13.h4 b5 14.Nxc6 Bxc6 15.Bd3 b4
16.Ne2 a5 17.Nd4 Bd7 18.Rdg1 g6 19.Rc1 e5 20.Ne2 d5 21.Bg5 Be6 22.Bxf6 Bxf6
23.exd5 Bxd5 24.c3 Qd7 25.c4 Be6 26.Qe3 a4 27.Be4 Bg7 28.Qc5 Qe7 29.Bc6+ Kf8
30.Qxe7+ Kxe7 31.Bxa4 Bh6 32.Rce1 Bd2 33.Rd1 Rhd8 34.Bb3 Rbc8 35.Ng3 f5 36.Nf1 Bh6
37.Re1 Bxc4 38.Bxc4 Rxc4 39.Rxe5+ Kf6 40.Re1 Re8 41.Ng3 Rxe1+ 42.Rxe1 Rxh4
43.Kc2 Rd4 44.Re2 Bf4 45.Nh1 h4 46.Nf2 g5 47.Kb3 Bg3 48.a3 bxa3 49.bxa3 Bd6
50.Rc2 Ke5 51.Re2+ Kd5 52.Nh3 g4 53.fxg4 fxg4 54.Nf2 g3 55.Nh3 Rd3+ 56.Kb2 Bxa3+
57.Kc2 Rd4 58.Ng5 Rf4 59.Kd3 Rd4+ 60.Kc2 Bb4 61.Nf3 Rf4 62.Re3 Bd6 63.Rd3+ Ke6
64.Ng5+ Kf6 65.Nf3 Bc7 66.Rc3 Bd6 67.Rd3 Ke7 68.Re3+ Kd7 69.Kd1 Ra4 70.Rd3 Ra1+
71.Ke2 Rh1 72.Rd1 Rxd1 73.Kxd1 Be7 74.Ke2 Ke6 75.Kf1 Kf5 76.Nxh4+ Bxh4 77.Kg1 Ke4
78.Kh1 Ke3 79.Kg1 Be7 80.Kh1 Ke2 81.Kg1  1/2-1/2

[Event "TCh-CZE Vychod 2013-14"]
[Site "Czech Rep CZE"]
[Date "2013.11.10"]
[Round "2.1"]
[White "Hrabusa,M"]
[Black "Ponizil,C"]
[Result "0-1"]
[WhiteElo "2343"]
[BlackElo "2432"]

1.e4 c5 2.Nf3 d6 3.d4 cxd4 4.Nxd4 Nf6 5.Nc3 Nc6 6.Bg5 e6 7.Qd2 a6 8.O-O-O Bd7
9.f3 b5 10.Nxc6 Bxc6 11.Ne2 Be7 12.Nd4 Bb7 13.Be3 O-O 14.g4 Nd7 15.g5 Ne5
16.Rg1 Rc8 17.f4 Bxe4 18.fxe5 dxe5 19.Ne2 Bxc2 20.Qxd8 Bxd8 21.Rd6 Bg6+ 22.Kd1 Be7
23.Rd7 Rfd8 24.Rxd8+ Rxd8+ 25.Ke1 f5 26.gxf6 gxf6 27.a3 Rd3 28.Bd2 f5 29.Ng3 Rd7
30.Bc3 e4 31.Nh5 Kf7 32.Be2 Bd6 33.h4 Rc7 34.Ng7 Bf8 35.Nh5 Bxa3 36.Nf4 Bc5
37.Be5 Bxg1 38.Bxc7 Ke7 39.Be5 Bc5 40.Bg7 Bd6 41.Bh6 Be5 42.Bg5+ Kd6 43.b3 Bf7
44.Bd1 Bc3+ 45.Kf2 Bd4+ 46.Ke1 a5 47.Ne2 Bc5 48.Nc3 Be8 49.Be2 a4 50.bxa4 bxa4
51.Kd2 Ke5 52.Bd8 Bc6 53.Bd1 Bb4 54.Kc2 f4 55.Bc7+ Kf5 56.Bh5 e3 57.Ne2 e5
58.Ng1 Be4+ 59.Kb2 Bd5 60.Bd1 a3+  0-1

[Event "TCh-SVK Ext 2013-14"]
[Site "Trencin SVK"]
[Date "2013.11.10"]
[Round "2.1"]
[White "Vovk,A"]
[Black "Malinovsky,K"]
[Result "1/2-1/2"]
[WhiteElo "2596"]
[BlackElo "2445"]

1.e4 c5 2.Nf3 d6 3.d4 cxd4 4.Nxd4 Nf6 5.Nc3 Nc6 6.Bg5 e6 7.Qd2 a6 8.O-O-O h6
9.Bf4 Bd7 10.Nxc6 Bxc6 11.f3 d5 12.Qe1 Bb4 13.a3 Ba5 14.exd5 Nxd5 15.b4 Nxf4
16.Rxd8+ Bxd8 17.Ne4 O-O 18.g3 Nd5 19.c4 Nf6 20.Bd3 b5 21.Nxf6+ Bxf6 22.Be4 Bxe4
23.Qxe4 bxc4 24.Rd1 c3 25.Rd3 g6 26.h4 Rab8 27.Rd6 Rfd8 28.Rxa6 Rd4 29.Ra8 Rxa8
30.Qxa8+ Kg7 31.b5 Rd2 32.Qe4 Bd4 33.b6 Bxb6 34.Qe5+ Kg8 35.Qxc3 Rd5 36.Qb3 Bc7
37.f4 h5  1/2-1/2

[Event "Caissa IM Nov 2013"]
[Site "Kecskemet HUN"]
[Date "2013.11.22"]
[Round "7.3"]
[White "Sean,W"]
[Black "Sarosi,Z"]
[Result "0-1"]
[WhiteElo "2317"]
[BlackElo "2256"]

1.e4 c5 2.Nf3 Nc6 3.d4 cxd4 4.Nxd4 Nf6 5.Nc3 d6 6.Bg5 e6 7.Qd2 Be7 8.O-O-O a6
9.f4 Nxd4 10.Qxd4 b5 11.Bxf6 gxf6 12.Bd3 Qc7 13.Qe3 b4 14.Ne2 Bd7 15.Kb1 a5
16.f5 a4 17.Nf4 a3 18.b3 Qc3 19.Kc1 Bf8 20.Ne2 Qe5 21.Kd2 h5 22.Qd4 Bh6+
23.Ke1 Qxd4 24.Nxd4 Bf4 25.g3 Be5 26.Nf3 Bc3+ 27.Kf2 Bc6 28.Rhf1 Ra5 29.Bc4 Ke7
30.Nh4 Bxe4 31.Bd3 Bxd3 32.Rxd3 Rc8 33.Ke2 Rac5 34.Kd1 e5 35.Ng2 d5  0-1

[Event "4th Brno Open 2013"]
[Site "Brno CZE"]
[Date "2013.11.23"]
[Round "9.17"]
[White "Al Dhabbi,F"]
[Black "Kreyssig,Bruno"]
[Result "0-1"]
[WhiteElo "1939"]
[BlackElo "1837"]

1.e4 c5 2.Nf3 Nc6 3.d4 cxd4 4.Nxd4 Nf6 5.Nc3 d6 6.Bg5 e6 7.f3 a6 8.Qd2 Bd7
9.O-O-O h6 10.Be3 b5 11.Nxc6 Bxc6 12.Ne2 Qc7 13.Nd4 Bb7 14.Kb1 e5 15.Nf5 d5
16.exd5 Nxd5 17.Bf2 O-O-O 18.Bd3 g6 19.Ne3 Bc5 20.Nxd5 Rxd5 21.Bg3 Rhd8 22.Qxh6 Qb6
23.Rhe1 Bd4 24.f4 Qc5 25.fxe5 Qb4 26.Qc1 Bc3 27.Re2 a5 28.a3 Qg4 29.Qf4 Qxe2
30.Bxe2 Rxd1+ 31.Bxd1 Rxd1+ 32.Qc1 Rxc1+ 33.Kxc1 Bd4 34.c3 Be3+ 35.Kd1 Bxg2
36.Ke2 Bc1 37.b3 Bxa3 38.Be1 Bd5  0-1

[Event "XXVII Belgrade Trophy"]
[Site "Obrenovac SRB"]
[Date "2013.11.26"]
[Round "3.19"]
[White "Kanmazalp,O"]
[Black "Pecurica,M"]
[Result "1-0"]
[WhiteElo "2414"]
[BlackElo "2176"]

1.e4 c5 2.Nf3 d6 3.d4 cxd4 4.Nxd4 Nf6 5.Nc3 Nc6 6.Bg5 e6 7.Qd2 Be7 8.O-O-O Nxd4
9.Qxd4 O-O 10.e5 dxe5 11.Qxe5 Bd7 12.Be2 Rc8 13.Be3 a6 14.g4 Qc7 15.Qxc7 Rxc7
16.g5 Nd5 17.Nxd5 exd5 18.Bf3 Bf5 19.c3 Be4 20.Bxe4 dxe4 21.Rd4 f5 22.gxf6 Rxf6
23.Rxe4 Bc5 24.Rd1 Bxe3+ 25.fxe3 g5 26.Rg4 h6 27.h4 Rg7 28.hxg5 Rxg5 29.Rxg5+ hxg5
30.Rd5 Rg6 31.Kd2 Kg7 32.Rd7+ Kh6 33.Rxb7 Rf6 34.Ke2 g4 35.Rb8 Kg5 36.Rg8+ Kh4
37.a4 g3 38.b4 Kh3 39.b5 axb5 40.axb5 g2 41.c4 Rf1 42.Rh8+ Kg4 43.Rg8+ Kh3
44.c5 g1=Q 45.Rxg1 Rxg1 46.b6 Rb1 47.Kd3 Kg4 48.Ke4 Kg5 49.Ke5 Rb5 50.Kd5 Kf6
51.e4 Rb1 52.Kd6 Rb5 53.e5+ Kf7 54.Kc6 Rb2 55.Kd7 Rd2+ 56.Kc7 Rd5 57.c6 Rb5
58.b7  1-0

[Event "34th Crespi Trophy 2013"]
[Site "Milano ITA"]
[Date "2013.11.30"]
[Round "1.5"]
[White "Andreoni,G"]
[Black "Martinez,Rol"]
[Result "1/2-1/2"]
[WhiteElo "2082"]
[BlackElo "2422"]

1.e4 c5 2.Nf3 Nc6 3.d4 cxd4 4.Nxd4 Nf6 5.Nc3 d6 6.Bg5 e6 7.Qd2 a6 8.O-O-O Bd7
9.f4 b5 10.Nxc6 Bxc6 11.Qe1 Be7 12.Bxf6 gxf6 13.f5 Qb6 14.fxe6 fxe6 15.Bd3 Qc5
16.Kb1 Qe5 17.Qf2 O-O 18.Rhe1 Rf7 19.g3 Bb7 20.Ne2 Bf8 21.Nf4 Rc8 22.Qe2 Rg7
23.Qh5 Rg5 24.Qh3 Re8 25.Qf1 Bg7 26.c3 b4 27.cxb4 f5 28.Rd2 fxe4 29.Bxa6 Ba8
30.Be2 d5 31.Bb5 Rd8 32.Qh3 Rf5 33.Red1 Bb7 34.a4 Bc8 35.Be2 d4 36.Bg4 d3
37.Bxf5 exf5 38.Qf1 Qd4 39.Nxd3 e3 40.Rc2 Qe4 41.Nc1 Rd2 42.Rxd2 exd2 43.Nd3 Be6
44.Rxd2 Qc4 45.Qf4 Qa2+ 46.Kc1 Qa1+ 47.Kc2 Qxa4+ 48.Kb1 Qa2+ 49.Kc1 Qa1+
50.Kc2 Qa4+ 51.Kb1 Qa2+ 52.Kc1 Qa1+  1/2-1/2

[Event "XXVII Belgrade Trophy"]
[Site "Obrenovac SRB"]
[Date "2013.11.30"]
[Round "7.9"]
[White "Firat,B"]
[Black "Sorgic,D"]
[Result "1-0"]
[WhiteElo "2435"]
[BlackElo "2274"]

1.e4 c5 2.Nf3 Nc6 3.d4 cxd4 4.Nxd4 Nf6 5.Nc3 d6 6.Bg5 e6 7.Qd2 a6 8.O-O-O Bd7
9.f4 b5 10.Bxf6 gxf6 11.Kb1 Qb6 12.Nxc6 Bxc6 13.f5 b4 14.Ne2 e5 15.Ng3 h5
16.h4 Qc5 17.Bd3 a5 18.Qe2 a4 19.Nxh5 Ke7 20.g4 Bh6 21.g5 fxg5 22.f6+ Kd8
23.Ng7 Kc7 24.Qh5 Kb6 25.Nf5 gxh4 26.Nxh6 a3 27.Rxh4 Ra7 28.Qg5  1-0

[Event "Saint Louis Thanksgiving Open 2013"]
[Site "Saint Louis USA"]
[Date "2013.11.30"]
[Round "3.3"]
[White "Agrest,I"]
[Black "Recuero Guerra,D"]
[Result "1/2-1/2"]
[WhiteElo "2160"]
[BlackElo "2440"]

1.e4 c5 2.Nf3 Nc6 3.d4 cxd4 4.Nxd4 Nf6 5.Nc3 d6 6.Bg5 e6 7.Qd2 Be7 8.O-O-O O-O
9.f3 Nxd4 10.Qxd4 a6 11.g4 b5 12.h4 Bb7 13.Kb1 Rc8 14.Rh2 Qc7 15.Rhd2 Rfd8
16.Qf2 b4 17.Bxf6 Bxf6 18.Ne2 d5 19.g5 Be7 20.e5 Qxe5 21.f4 Qc7 22.h5 a5
23.Nd4 e5 24.fxe5 Bxg5 25.Re2 Ba6 26.Ree1 Bxf1 27.Rxf1 h6 28.Qf5 Kh8 29.Nf3 Be3
30.Nh4 Bg5 31.Nf3 Be3 32.Nh4 Bg5  1/2-1/2

[Event "9th Ugra Governor's Cup"]
[Site "Khanty-Mansiysk RUS"]
[Date "2013.12.01"]
[Round "4.22"]
[White "Sarana,A"]
[Black "Stukopin,A"]
[Result "0-1"]
[WhiteElo "2261"]
[BlackElo "2509"]

1.e4 c5 2.Nf3 Nc6 3.d4 cxd4 4.Nxd4 Nf6 5.Nc3 d6 6.Bg5 e6 7.Qd2 a6 8.O-O-O Bd7
9.f3 Be7 10.Kb1 Rc8 11.h4 h6 12.Nxc6 bxc6 13.Bxf6 gxf6 14.Bxa6 Rb8 15.Bc4 Qb6
16.Bb3 c5 17.Qd3 Kf8 18.g4 Kg7 19.Ka1 Rhc8 20.Rb1 Bc6 21.f4 Rd8 22.f5 d5
23.exd5 exd5 24.Bxd5 Bd6 25.Rhe1 Re8 26.Rxe8 Bxe8 27.Bb3 Be5 28.g5 hxg5 29.hxg5 fxg5
30.Nd5 c4 31.Qxc4 Qd4 32.f6+ Kg6 33.Qf1 Rxb3 34.Ne7+ Kh5 35.cxb3 Bd7 36.Qh1+ Qh4
37.Qf3+ g4 38.Qd5 Qxf6 39.Rh1+ Kg5 40.Qd2+ Qf4 41.Qxd7 Qf2 42.Qf5+ Qxf5 43.Nxf5 Kxf5
44.Rf1+ Ke6 45.Kb1 g3 46.Kc2 Bd4 47.Re1+ Kd5 48.Re2 Bf2 49.Kd2 g2 50.Rxf2 g1=Q
51.Rxf7 Qg5+ 52.Kc3 Qg3+ 53.Kd2 Ke6 54.Rf1 Qg2+ 55.Ke1 Qxb2 56.Rf3 Qxa2 57.Kd1 Qb1+
58.Kd2 Qb2+ 59.Kd1 Ke5 60.Rd3 Ke4 61.Rh3 Qg2 62.Rh8 Qf1+ 63.Kc2 Qd3+  0-1

[Event "9th Ugra Governor's Cup"]
[Site "Khanty-Mansiysk RUS"]
[Date "2013.12.05"]
[Round "8.18"]
[White "Oparin,G"]
[Black "Stukopin,A"]
[Result "1-0"]
[WhiteElo "2520"]
[BlackElo "2509"]

1.e4 c5 2.Nf3 Nc6 3.d4 cxd4 4.Nxd4 Nf6 5.Nc3 d6 6.Bg5 e6 7.Qd2 a6 8.O-O-O Bd7
9.f3 Be7 10.Kb1 Rc8 11.g4 h5 12.gxh5 Nxh5 13.h4 b5 14.Rg1 Ne5 15.f4 b4 16.Bxe7 Qxe7
17.Nce2 Nc4 18.Qxb4 Qxh4 19.Nc1 a5 20.Qb7 Ne3 21.Bb5 O-O 22.Qxd7 Nxd1 23.Rxd1 Rfd8
24.Qa7 Ra8 25.Qc7 Rdc8 26.Qxd6 Qxf4 27.Qxf4 Nxf4 28.Nd3 Nxd3 29.cxd3 Rc5
30.a4 Rh5 31.Rg1 g6 32.Kc2 Rc8+ 33.Bc4 Rh2+ 34.Kc3 Kg7 35.b4 axb4+ 36.Kxb4 Kf6
37.a5 Rb8+ 38.Kc3 Rh5 39.e5+ Kg7 40.a6 Rc8 41.Re1 g5 42.a7 Rhh8 43.Nb5 Kg6
44.Ra1 g4 45.Nd6 Rcd8 46.Bb5 f5 47.Bc6 f4 48.a8=Q Rxa8 49.Rxa8 Rh4 50.Be4+ Kg7
51.Ra7+ Kg8 52.Ne8 f3 53.Nf6+ Kh8 54.Nxg4  1-0

[Event "TCh-AUT 1st Bundesliga 2013-14"]
[Site "Jenbach AUT"]
[Date "2013.12.06"]
[Round "1.3"]
[White "Poetsch,H"]
[Black "Acs,Peter"]
[Result "0-1"]
[WhiteElo "2475"]
[BlackElo "2564"]

1.e4 c5 2.Nf3 d6 3.d4 cxd4 4.Nxd4 Nf6 5.Nc3 Nc6 6.Bg5 e6 7.Qd2 a6 8.O-O-O Be7
9.f4 Bd7 10.Nf3 b5 11.Bxf6 gxf6 12.f5 Rc8 13.fxe6 fxe6 14.Qh6 Qa5 15.Kb1 Nb4
16.a3 Nc6 17.Nd2 Ne5 18.Nb3 Qb6 19.Qg7 Rf8 20.Be2 a5 21.Nd4 b4 22.axb4 axb4
23.Bh5+ Kd8 24.Nce2 Ra8 25.Nc1 Qa7 26.Ndb3 Nc4 27.Rd4 Qxd4 28.Nxd4 Nd2+  0-1

[Event "5th London Classic Women's Inv"]
[Site "London ENG"]
[Date "2013.12.10"]
[Round "5.1"]
[White "Bulmaga,I"]
[Black "Fuchs,Ju"]
[Result "1-0"]
[WhiteElo "2396"]
[BlackElo "2337"]

1.e4 c5 2.Nf3 d6 3.d4 cxd4 4.Nxd4 Nf6 5.Nc3 Nc6 6.Bg5 Bd7 7.Qd2 Rc8 8.Nxc6 bxc6
9.Be2 h6 10.Bxf6 gxf6 11.O-O Qa5 12.Kh1 f5 13.exf5 Bxf5 14.Bd3 Bd7 15.Rae1 e6
16.Qe2 Be7 17.f4 Rb8 18.f5 e5 19.f6 Bf8 20.Bc4 Rxb2 21.Bxf7+ Kd8 22.Qd3 Rb4
23.Re4 Rxe4 24.Nxe4 d5 25.Ng3 Qxa2 26.Qg6 Qb2 27.Bg8 Qb4 28.f7 Qe7 29.c4 h5
30.cxd5 cxd5 31.Qa6 Rh6 32.Qxa7 Qd6 33.Rb1 Bc8 34.Qa5+ Ke7 35.Qa7+ Kd8 36.Rc1 Qa6
37.Qc7+  1-0

[Event "Pavlodar Open 2013"]
[Site "Pavlodar KAZ"]
[Date "2013.12.11"]
[Round "3.17"]
[White "Nevostrujev,V"]
[Black "Rakhimberdiyev,A"]
[Result "1-0"]
[WhiteElo "2433"]
[BlackElo "2081"]

1.e4 c5 2.Nf3 Nc6 3.d4 cxd4 4.Nxd4 Nf6 5.Nc3 d6 6.Bg5 Qa5 7.Nxc6 Qxg5 8.Nd4 g6
9.g3 e6 10.Bg2 Be7 11.O-O Bd7 12.f4 Qh6 13.g4 Qh4 14.h3 Rd8  1-0

[Event "5th Penang Open 2013"]
[Site "George Town MAS"]
[Date "2013.12.13"]
[Round "9.12"]
[White "Liong,I"]
[Black "Castellano,Christo"]
[Result "0-1"]
[WhiteElo "2107"]
[BlackElo "2270"]

1.e4 c5 2.Nf3 Nc6 3.d4 cxd4 4.Nxd4 Nf6 5.Nc3 d6 6.Bg5 e6 7.Qd2 Be7 8.O-O-O O-O
9.Ndb5 Qa5 10.f4 Rd8 11.Be2 a6 12.Nd4 Nxd4 13.Qxd4 b5 14.e5 dxe5 15.Qxe5 Bb7
16.Kb1 h6 17.Bh4 Nd7 18.Qh5 Bxh4 19.Qxh4 b4 20.Qe7 bxc3 21.Rxd7 Rxd7  0-1

[Event "Pavlodar Open 2013"]
[Site "Pavlodar KAZ"]
[Date "2013.12.16"]
[Round "7.31"]
[White "Zhandildinov,Arnur"]
[Black "Rakhimberdiyev,A"]
[Result "1/2-1/2"]
[WhiteElo "1853"]
[BlackElo "2081"]

1.e4 c5 2.Nf3 Nc6 3.d4 cxd4 4.Nxd4 Nf6 5.Nc3 d6 6.Bg5 Qa5 7.Bb5 Bd7 8.Nb3 Qd8
9.Be2 a6 10.O-O e6 11.Be3 b5 12.a3 Be7 13.f3 O-O 14.Qd2 Qc7 15.Rfd1 Rfd8
16.Qe1 b4 17.axb4 Nxb4 18.Rd2 Rdb8 19.Qd1 d5 20.exd5 Nfxd5 21.Nxd5 Nxd5 22.Bf2 Bg5
23.Rd4 Bf6 24.Rc4 Qd8 25.c3 a5 26.Qc2 a4 27.Nc5 Bb5 28.Re4 Bxe2 29.Rxe2 a3
30.Rxa3 Rxa3 31.bxa3 Nxc3 32.Re1 Rc8  1/2-1/2

[Event "51st Groningen Open A 2013"]
[Site "Groningen NED"]
[Date "2013.12.21"]
[Round "1.36"]
[White "Pijpers,A"]
[Black "Mager,D"]
[Result "1-0"]
[WhiteElo "2366"]
[BlackElo "2060"]

1.e4 c5 2.Nc3 d6 3.Nf3 Nc6 4.d4 cxd4 5.Nxd4 Nf6 6.Bg5 e6 7.Qd2 Qb6 8.O-O-O Nxd4
9.Qxd4 Qxd4 10.Rxd4 a6 11.f3 Bd7 12.Na4 Bc6 13.Nb6 Rd8 14.e5 dxe5 15.Rxd8+ Kxd8
16.Nc4 e4 17.Ne5 Be8 18.Be2 Be7 19.Rd1+ Nd5 20.Bxe7+ Kxe7 21.fxe4 Nf4 22.Bf1 f6
23.Nc4 e5 24.Nd6 Bc6 25.Nf5+ Kf7 26.Bc4+ Ne6 27.Rd6 Re8 28.Rxc6  1-0

[Event "51st Groningen Open A 2013"]
[Site "Groningen NED"]
[Date "2013.12.21"]
[Round "1.43"]
[White "Bakels,Anton"]
[Black "Efroimski,M"]
[Result "0-1"]
[WhiteElo "2026"]
[BlackElo "2307"]

1.e4 c5 2.Nf3 Nc6 3.d4 cxd4 4.Nxd4 Nf6 5.Nc3 d6 6.Bg5 e6 7.Qd2 Be7 8.O-O-O O-O
9.f4 h6 10.Bh4 Nxd4 11.Qxd4 Qa5 12.Bc4 Qh5 13.Bg3 Rd8 14.Rhe1 Bd7 15.Kb1 Rac8
16.Bb3 Bc6 17.f5 exf5 18.exf5 Rd7 19.Rd2 Qxf5 20.Rde2 Bf8 21.Bh4 Ng4 22.h3 Ne5
23.Rf2 Qh5 24.Bg3 Qg6 25.Bh2 Re8 26.Ne2 Qe4 27.Qc3 Ng6 28.Ref1 d5 29.a3 Qe3
30.Qxe3 Rxe3 31.Nd4 Bc5 32.Rd2 Rde7 33.Rfd1 Re1 34.Nf5 R7e2 35.Rxe2 Rxd1+
36.Ka2 Bb5 37.c4 Bxc4 38.Re8+ Kh7 39.Bxc4 dxc4 40.Rc8 Rd5 41.g4 b5 42.Rc7 c3
43.b4 Rd2+ 44.Kb1 c2+ 45.Kc1 Rxh2 46.bxc5 Ne5  0-1

[Event "Caissa IM December 2013"]
[Site "Kecskemet HUN"]
[Date "2013.12.21"]
[Round "7.2"]
[White "Antal,T"]
[Black "Sarosi,Z"]
[Result "1-0"]
[WhiteElo "2307"]
[BlackElo "2250"]

1.e4 c5 2.Nf3 Nc6 3.d4 cxd4 4.Nxd4 Nf6 5.Nc3 d6 6.Bg5 e6 7.Qd2 h6 8.Bxf6 gxf6
9.O-O-O a6 10.f4 Qb6 11.Nf3 Be7 12.g3 Bd7 13.Bh3 O-O-O 14.Rhe1 Kb8 15.Kb1 Na5
16.Qe3 Qxe3 17.Rxe3 h5 18.b3 b5 19.f5 Nc6 20.Ne2 Ne5 21.Nf4 Ng4 22.Re2 Bc8
23.Nd4 e5 24.Nc6+ Kc7 25.Nxe7 exf4 26.Nd5+ Kc6 27.gxf4 Rh6 28.Bf1 Rhh8 29.h3 Nh6
30.Nxf6 Ng8 31.Nd5 Rh6 32.Bg2 Kc5 33.Re3 b4 34.c3 a5 35.Bf1 Nf6 36.cxb4+ axb4
37.Rc1+ Kd4 38.Rc4+  1-0

[Event "St Petersburg Blitz Final w 2013"]
[Site "St Petersburg RUS"]
[Date "2013.12.22"]
[Round "1.1"]
[White "Bodnaruk,A"]
[Black "Sudakova,I"]
[Result "1/2-1/2"]
[WhiteElo "2448"]
[BlackElo "2356"]

1.e4 c5 2.Nf3 d6 3.d4 Nf6 4.Nc3 cxd4 5.Nxd4 Nc6 6.Bg5 e6 7.Qd2 a6 8.O-O-O Bd7
9.f4 b5 10.Bxf6 gxf6 11.Nxc6 Bxc6 12.Kb1 Qb6 13.f5 Qc5 14.Bd3 h5 15.Rhf1 Qe5
16.Ne2 Bh6 17.Qe1 Ke7 18.Ng1 Rac8 19.Nf3 Qc5 20.Qh4 Be3 21.Qe1 Bh6 22.Qh4 e5
23.Qe1 b4 24.Qe2 Bb5 25.Bxb5 axb5 26.Rd5 Qc4 27.Qd3 Qxd3 28.Rxd3 Rc4 29.Re1 Rhc8
30.Re2 Rg8 31.b3 Rc5 32.g3 Rg4 33.Nh4 Rg8 34.Ng2 Rg4 35.Kb2 Rg8 36.Rd1 Rg4
37.Rd3 Rg8 38.Ne1 Rg4 39.Nf3 Rg8 40.Rd1 Rg4 41.Rd3 Rg8 42.Re1 Rg4 43.Re2 Rg8
44.Re1 Rg4 45.Re2 Rg8 46.Re1  1/2-1/2

[Event "51st Groningen Open A 2013"]
[Site "Groningen NED"]
[Date "2013.12.23"]
[Round "3.43"]
[White "Dirksen,M"]
[Black "Vereggen,L"]
[Result "0-1"]
[WhiteElo "2012"]
[BlackElo "2147"]

1.e4 c5 2.Nf3 d6 3.d4 cxd4 4.Nxd4 Nf6 5.Nc3 Nc6 6.Bg5 e6 7.Qd2 a6 8.O-O-O Qc7
9.f4 Bd7 10.Nf3 h6 11.Bh4 b5 12.Bd3 Rc8 13.Kb1 b4 14.Ne2 Na5 15.b3 Qb7 16.Rhe1 Bc6
17.Bxf6 gxf6 18.Ned4 Bd7 19.e5 fxe5 20.fxe5 d5 21.Qf4 Nc6 22.Rf1 Nd8 23.Nh4 Rg8
24.Bh7 Rg5 25.g4 Bb5 26.Rf2 Rg7 27.Bg6 Qe7 28.Ndf5 exf5 29.Nxf5 Rxg6 30.Nxe7 Bxe7
31.Rxd5 Bg5 32.Rxd8+ Kxd8 33.Qxf7 Be8 34.Qd5+ Bd7 35.Rf7 Be7 36.Rh7 Rcc6
37.Rh8+ Kc7 38.Ra8 Bc5 39.h3 Rge6 40.Rh8 Re7 41.Qg8 Re8 42.Qg7 Rxh8 43.Qxh8 Re6
44.h4 Bd4 45.Qf8 a5 46.c3 bxc3 47.Kc2 Bxe5 48.Qc5+ Bc6 49.Qxa5+ Kd7 50.Qa7+ Ke8
51.Qh7 Bf6 52.Qg8+ Ke7 53.g5 Be4+ 54.Kc1 Be5 55.gxh6 Bf4+ 56.Kd1 c2+  0-1

[Event "51st Groningen Open A 2013"]
[Site "Groningen NED"]
[Date "2013.12.24"]
[Round "4.49"]
[White "Henseler,J"]
[Black "Brookes,C"]
[Result "0-1"]
[WhiteElo "2073"]
[BlackElo "2182"]

1.e4 c5 2.Nf3 Nc6 3.d4 cxd4 4.Nxd4 Nf6 5.Nc3 d6 6.Bg5 e6 7.Qd2 a6 8.O-O-O Bd7
9.f4 h6 10.Bh4 g5 11.fxg5 Ng4 12.Nf3 hxg5 13.Bg3 Be7 14.Be2 Nge5 15.Kb1 b5
16.Rdf1 Qb6 17.Nxg5 f6 18.Nf3 O-O-O 19.Bf4 Rdg8 20.g3 Nxf3 21.Bxf3 Ne5 22.Be2 Bc6
23.Bd3 Qb7 24.Qe2 f5 25.Rhg1 Nxd3 26.cxd3 b4 27.Nd1 fxe4 28.Re1 e5 29.Bc1 exd3
30.Qxd3 Rxh2 31.Ka1 Rf8 32.Rgf1 Rhh8 33.Ne3 Bb5 34.Rxf8+ Rxf8 35.Qb3 Bc6
36.Qe6+ Qd7 37.Qc4 d5 38.Qxa6+ Qb7 39.Qa5 Qc7 40.Qa6+ Qb7 41.Qa5 Kb8 42.Rd1 Rd8
43.Nf5 Bf6 44.g4 d4 45.g5 Rd5 46.Qxd5 Bxd5 47.gxf6 Qa6  0-1

[Event "Chinese Teams 2013"]
[Site "Tianjin CHN"]
[Date "2013.12.24"]
[Round "22.3"]
[White "Yu Lie"]
[Black "Xiu Deshun"]
[Result "0-1"]
[WhiteElo "2374"]
[BlackElo "2575"]

1.e4 c5 2.Nf3 d6 3.d4 cxd4 4.Nxd4 Nf6 5.Nc3 Nc6 6.Bg5 e6 7.Qd2 a6 8.O-O-O Be7
9.f3 Nxd4 10.Qxd4 b5 11.e5 dxe5 12.Qxe5 Qb6 13.Bd3 Bb7 14.Rhe1 Rc8 15.h4 h6
16.Be3 Qc7 17.Qxc7 Rxc7 18.Bf4 Rc8 19.a4 bxa4 20.Nxa4 Nd5 21.Bg3 Bc6 22.Nc3 Nxc3
23.bxc3 a5 24.Be4 O-O 25.Bxc6 Rxc6 26.Rd7 Bf6 27.Be5 Bxh4 28.Re4 Bg5+ 29.f4 Bf6
30.Bxf6 gxf6 31.Kd2 Rfc8 32.Re3 Rc4 33.g3 h5 34.Rd4 R4c5 35.Ra4 Kg7 36.Ra3 Kg6
37.Ke2 Kf5 38.Kf3 e5 39.Kg2 e4 40.Kh3 h4 41.Ra4 hxg3 42.Kxg3 Rxc3 43.Rxe4 a4
44.Kf3 Rxe3+ 45.Rxe3 Rxc2 46.Rd3 Rc5 47.Ke3 Ra5 48.Ra3 Kg4 49.Ke4 f5+ 50.Ke3 Ra8
51.Ra1 a3 52.Rg1+ Kh5 53.Rh1+ Kg6 54.Kd4 a2 55.Ra1 Kh5  0-1